[Event "GER-chT U14"]
[Site "Verden"]
[Date "2008.12.30"]
[Round "7.4"]
[White "Schnepper, Philipp"]
[Black "Eigemann, Frederik"]
[Result "0-1"]
[WhiteElo "1470"]
[BlackElo "1647"]
[PlyCount "113"]
[EventDate "2008.12.27"]
[EventType "team-swiss"]
[EventRounds "7"]
[EventCountry "GER"]
[SourceTitle "EXT 2010"]
[Source "ChessBase"]
[SourceDate "2010.11.25"]
[SourceVersion "1"]
[SourceVersionDate "2010.11.25"]
[SourceQuality "1"]
[WhiteTeam "Mainaschaff"]
[BlackTeam "Koeln Muelheim"]
[WhiteTeamCountry "GER"]
[BlackTeamCountry "GER"]

1. e4 e6 2. d4 d5 3. Nc3 Bb4 4. e5 c5 5. Bd2 cxd4 6. Nb5 Be7 7. Nxd4 Bd7 8. f4 Nc6 9. Ngf3 a6 10. Be2 Qb6 11. Bc3 Bc5 12. a3 Rc8 13. Qd2 Qa7 14. h3 Nge7 15. b4 Nxd4 16. Bxd4 Bxd4 17. Nxd4 Nc6 18. c3 Qb6 19. 0-0 0-0 20. Kh2 Nxd4 21. cxd4 Bb5 22. Bxb5 axb5 23. Rfc1 Rc4 24. Rxc4 bxc4 25. Qc3 Ra8 26. a4 h6 27. h4 Qd8 28. Kh3 Qe7 29. b5 f6 30. g3 fxe5 31. fxe5 Rf8 32. Kg2 Qf7 33. Qe3 Qg6 34. Qe2 Rf4 35. a5 Rf7 36. a6 bxa6 37. bxa6 Ra7 38. Qb2 Kh7 39. Qe2 Qe8 40. Qb2 Qd8 41. Kf2 Qc7 42. Ke3 Qc6 43. Qa2 Qb6 44. g4 Qd8 45. Rh1 Qb6 46. Ra1 Kg8 47. Qa3 Qb5 48. g5 hxg5 49. hxg5 Kh7 50. Kf4 Kg6 51. Kg4 Qb6 52. Qc5 Qxc5 53. dxc5 Kf7 54. c6 Ke7 55. Kh5 Kd8 56. Kg4 Kc7 57. Kf3 0-1

[Event "Hessen-ch qual-F"]
[Site "Erlensee"]
[Date "2007.04.06"]
[Round "4"]
[White "Schmidt, Joachim"]
[Black "Schnepper, Philipp"]
[Result "0-1"]
[WhiteElo "892"]
[BlackElo "1178"]
[PlyCount "100"]
[EventDate "2007.04.06"]
[EventType "swiss"]
[EventRounds "5"]
[EventCountry "GER"]
[SourceTitle "CBM 117 Extra"]
[Source "ChessBase"]
[SourceDate "2007.05.09"]
[SourceVersion "1"]
[SourceVersionDate "2007.05.09"]
[SourceQuality "1"]

1. e4 e5 2. Nc3 Nc6 3. Bc4 Nf6 4. d3 Be7 5. f4 exf4 6. Bxf4 d6 7. Nf3 Bg4 8. h3 Bxf3 9. Qxf3 Nd4 10. Qf2 Ne6 11. 0-0-0 Nd7 12. h4 g5 13. Bg3 gxh4 14. Bxh4 Bxh4 15. Rxh4 Qg5+ 16. Kb1 c6 17. Rdh1 Nf6 18. d4 d5 19. e5 Ng4 20. Qe2 Rg8 21. Rh5 Qe3 22. Bd3 Nxd4 23. Qxe3 Nxe3 24. Rxh7 Nxg2 25. Rh8 0-0-0 26. R8h7 Rdf8 27. Ne2 Nxe2 28. Bxe2 Nf4 29. Bf3 Ng6 30. Bg4+ Kd8 31. e6 fxe6 32. Bxe6 Rh8 33. Rd7+ Ke8 34. Re1 Ne7 35. Bg4 Rf7 36. Kc1 Rh4 37. Be6 Rb4 38. Rh1 Re4 39. Rh8+ Rf8 40. Rh6 Rxe6 41. Rd8+ Kxd8 42. Rxe6 Kd7 43. Re3 Kd6 44. b4 Rf4 45. a3 Re4 46. Rh3 Kc7 47. Kd2 Kb6 48. c3 Kb5 49. Kc2 Ka4 50. Kb2 Re2+ 0-1